000 00311nam a22001337a 4500
008 170920b xxu||||| |||| 00| 0 eng d
020 _a9781856695817
041 _aeng
080 _a7
100 _a45
101 _aART
245 _aTEXTILE DESIGNERS AT THE CUTTING EDGE
_cQUINN.B
942 _2udc
_cBK
999 _c28579
_d28579